000 01436cam a22003737a 4500
003 CHAP
005 20220329142029.0
008 990319d1998 mx r 00110 spa d
010 _a77314
011 _a78286
035 _a88174
040 _cCHAP
090 _aTesis
100 0 0 _aMiranda Aragón, Dalia Alicia.
_976053
245 1 0 _aRespuesta de la gerbera (Gerbera jamesonii H. Bolus) a la aplicación de dos tipos de líquidos efluentes de digestión anaerobia en dos estaciones del año otoño e invierno
_c/por Dalia Alicia Miranda Aragón
260 _aChapingo, Méx. :
_bEl autor,
_c1999.
300 _a109 h. : gráfs. ; cuadros
502 _aTesis (Ing. Agr. Esp. en Fitotecnia) -- UACH. Departamento de Fitotecnia
590 _aALEPH
_b10
_c20130110
_lUCH01
_h1428
590 _aBATCH-UPD
_b10
_c20130110
_lUCH01
_h0416
590 _aBATCH-UPD
_b10
_c20130110
_lUCH01
_h2048
590 _aBATCH-UPD
_b10
_c20130410
_lUCH01
_h0051
590 _aBATCH-UPD
_b10
_c20130913
_lUCH01
_h1856
590 _aCONVERSION
_b10
_c20130109
_lUCH01
_h1343
650 1 4 _aAbonos
_xEfecto en plantas.
_9261
650 1 4 _aDigestores.
_932569
650 1 4 _aGerbera
_xRendimiento.
_947723
901 _aBK
905 _aAlejandra Carrasco M.
942 _cFOLL
949 _bBC
_cTES
_d33724000713947
_eTS2
_fc.2
_h33787
_i88174
_si
949 _bBC
_cTES
_d33724000713954
_eTS2
_fc.3
_h33788
_i88174
_si
949 _bBC
_cTES
_d881741
_eTS1
_h33786
_i88174
_sb
999 _c77314
_d77314